000 00903nam a22003017a 4500
001 4756
003 FISKH
005 20241007102705.0
008 241007b cb ||||| |||| 00| 0 eng d
020 _a9780064442084
040 _aFISKH
_beng
_cFISKH
_dFISKH
050 _aPZ7.C839424
082 _a578
100 _aCoxe, Molly
245 _aThe great snake escape /
_cStory and pictures by Molly Coxe
250 _aFirst edition in 1996
260 _aNew York :
_bHarperTrophy,
_c1996.
300 _a48 pages :
_bColor illustrations ;
_c22 cm
505 _aI
520 _aMirabel, a goose, and her friend, Maxie, a frog, get a scare one day when a king cobra escapes from the zoo.
521 8 _a450L
_bLexile
521 8 _aI
_bRaz-Plus
650 _2Easy reader
_aAnimals
650 _2Frogs
_aGeese
700 _aCoxe, Molly
_dIllustrator
942 _2ddc
_cBK
_n0
999 _c4756
_d4756